000 00629nam a2200193Ia 4500
003 GCL
008 140319s9999 xx 000 0 ara d
040 _aGCL /
_cGCL
082 0 4 _aق
_b962.065
_bع ح
100 1 _aعبدالعظيم رمضان
245 1 0 _aحرب الاستنزاف فى محكمة التاريخ /
_cعبدالعظيم رمضان
300 _a109 ص
490 _aالهيئة العامة للاستعلامات
_v0
650 0 4 _aالاحوال السياسية
650 0 4 _aمصر - تاريخ
650 0 4 _aحرب الاستنزاف
650 0 4 _aحرب يونيو 1967 - مصر
942 _2ddc
_cBK
999 _c52117
_d52117